| 000 | 00726cam a2200205 4500 | ||
|---|---|---|---|
| 001 | WB3630-29 | ||
| 008 | 000000n2000 000 0 eng u | ||
| 035 | _a(Sirsi) u107481 | ||
| 245 | _aKnow one's limitations | ||
| 260 | _c2000 | ||
| 490 |
_aEstates Gazette _v(0030) 29 July 2000, 120(1) |
||
| 520 | _aDiscusses the recent decisions in "Dean v Allin and Watts" and "Fashion Brokers Ltd v Clarke Hayes" which concerned the extending of liability beyond the client relationship. | ||
| 590 | _aWB | ||
| 650 | _aDUTY OF CARE | ||
| 650 | _aLIABILITY | ||
| 650 | _aDEAN V ALLIN AND WATTS | ||
| 650 | _aFASHION BROKERS LTD V CLARKE HAYES | ||
| 690 | _aMANAGEMENT-BUSINESS MANAGEMENT-PROFESSIONAL PRACTICE | ||
| 942 | _n0 | ||
| 999 |
_c64246 _d64246 |
||